000 01844nab a2200229 i 4500
001 768714001
003 CO-MdFUSB
005 20240313131251.0
008 220916s2015 -us||||| |||| 00| 0 eng d
022 _a16698649
040 _beng
_cCO-MdFUSB
_dCO-MdFUSB
041 _aeng
100 _aSolano, Jocabed,
_eautor
245 _aThe meeting of two worlds :
_bsearching for and affirming our christian and indigenous identity
_c/ Jocabed Solano
300 _aVolumen 10, número 1 (2015), páginas: 9 - 28
_c; 23 cm
520 _aEn este artículo la autora, Jocabed Solano, cuenta su historia personal sobre lo que significa ser una mujer indígena (Guna) que sigue a Jesús en Panamá hoy día. La mayoría de los lectores se informarán sobre las crueldades que sufrieron los grupos indígenas durante la conquista y los cinco siglos de colonización. Es común (y relativamente fácil) condenar dichas atrocidades. Sin embargo, una desgarradora sección del artículo incluye el lamento de una anciana indígena sobre el impacto tan negativo que tuvo el protestantismo. Solano respondió a ese llanto con un deseo renovado de vivir su fe cristiana de una forma que mostrara el evangelio encarnado en el suelo Guna. Ella profundizó en la narración del encuentro de Jesús con la mujer sirofenicia en Marcos 7:24-30 y encontró conocimientos claves para su vida. El sueño que Jocabed comparte en su artículo mueve a los lectores a sentir su lucha y profundizar la comprensión que tienen del evangelio.
650 0 _9691
_aProtestantismo
_bAmérica Latina
_zAmérica Latina
650 7 _9325
_aMujeres
_xDerechos
653 _aindígena
773 0 _049416
_981285
_dSantiago de Chile
_oR1733
_tJournal of Latin American Theology :
_w(CO-MdFUSB)118
_x1669-8949
_gVolumen 10, número 1 (2015), páginas: 9 - 28
_qpáginas 9
942 _cANA
999 _c68164
_d68164